000 00383nam a2200097Ia 4500
008 180130s9999 xx 000 0 und d
245 _cSalehi, Mahdi; Abdipour, Abdoreza
_aAccounting information system's barriers: case of an emerging economy
260 _c2016
300 _aBook title: Information technology management--Acession number C20746; pages 111-118
650 _aIT MANAGEMENT
999 _c354265
_d354265